| 000 | 00342nam a22001097a 4500 | ||
|---|---|---|---|
| 100 |
_aMuhammad Zeeshan _a13ME36 |
||
| 245 | _aAnalysis of Flue Gas of Diesel Engine by Designing and Developing A Heat recovery System | ||
| 260 |
_aNawabshah: _bQUEST, _c2016. |
||
| 300 | _a45p. ; | ||
| 700 | _aDepartment of Mechanical Engineering | ||
| 942 | _cTHESIS | ||
| 999 |
_c57540 _d57537 |
||